000 00805nam a2200241 i 4500
003 DO-SdBNP
005 20240116134204.0
007 ta
008 240116b1945 dr ||||| |||| 00| 0 spa d
040 _aDO-SdBNP
_bspa
_cBNPHU
_erda
082 4 _222
110 2 _aUniversidad de Santo Domingo
_bFacultad de Farmacia y Ciencias Quimicas
_984773
245 1 0 _aBeneficios que representaría para nuestro país, el cultivo del algodonero :
_btesis para el doctorado /
_cAcela Licia Barinas de Uribe
264 _aCiudad Trujillo :
_bMontalvo,
_c1945.
300 _a55 páginas ;
_c23 cm.
336 _2rdacontent
_atexto
_btxt
337 _2rdamedia
_asin mediación
_bn
338 _2rdacarrier
_avolumen
_bnc
500 _aTesis
590 _aInventariado, 2024/BT
910 _aBtavárez
942 _2ddc
_cLBS1
999 _c55696
_d55696